LIBRARY & INFORMATION CENTRE, KCAET, TAVANUR

ONLINE PUBLIC ACCESS CATALOGUE (OPAC)

Introduction to finite elements in engineering / (Record no. 12361)

MARC details
000 -LEADER
fixed length control field 00542cam a2200193ua 4500
020 ## - INTERNATIONAL STANDARD BOOK NUMBER
ISBN 9788178086446
041 ## - LANGUAGE CODE
Language code of text/sound track or separate title eng
082 ## - DEWEY DECIMAL CLASSIFICATION NUMBER
Classification number 620.00151535
Item number CHA/IN
100 ## - MAIN ENTRY--AUTHOR NAME
Personal name Chandrupatla, Tirupathi R .
245 ## - TITLE STATEMENT
Title Introduction to finite elements in engineering /
250 ## - EDITION STATEMENT
Edition statement 3 /
260 ## - PUBLICATION, DISTRIBUTION, ETC. (IMPRINT)
Place of publication :
Name of publisher Pearson Education Asia ,
Year of publication 2004.
300 ## - PHYSICAL DESCRIPTION
Number of Pages 455 ; .
700 1# - ADDED ENTRY--PERSONAL NAME
Personal name Belegundu, Ashok D .
942 ## - ADDED ENTRY ELEMENTS (KOHA)
Koha item type Books
Holdings
Withdrawn status Lost status Damaged status Home library Current library Date acquired Full call number Accession Number Koha item type
      KAUAET KAUAET 07/04/2012 620.00151535 CHA/IN 20960 Books
free website counter